<?xml version="1.0" encoding="UTF-8"?>
<record
    xmlns:xsi="http://www.w3.org/2001/XMLSchema-instance"
    xsi:schemaLocation="http://www.loc.gov/MARC21/slim http://www.loc.gov/standards/marcxml/schema/MARC21slim.xsd"
    xmlns="http://www.loc.gov/MARC21/slim">

  <leader>01450nam a2200301 i 4500</leader>
  <controlfield tag="001">20031</controlfield>
  <controlfield tag="003">ES-MaACL</controlfield>
  <controlfield tag="005">20251001145914.0</controlfield>
  <controlfield tag="007">t|</controlfield>
  <controlfield tag="008">021113m19731975sp           ||||1| spa d</controlfield>
  <datafield tag="080" ind1=" " ind2=" ">
    <subfield code="a">946.0</subfield>
  </datafield>
  <datafield tag="245" ind1="0" ind2="0">
    <subfield code="a">Historia de Espa&#xF1;a Alfaguara / </subfield>
    <subfield code="c">dirigida por Miguel Artola.</subfield>
  </datafield>
  <datafield tag="260" ind1=" " ind2=" ">
    <subfield code="a">Madrid : </subfield>
    <subfield code="b">Alianza Editorial, </subfield>
    <subfield code="c">1973-75.</subfield>
  </datafield>
  <datafield tag="300" ind1=" " ind2=" ">
    <subfield code="a">7 v. ; </subfield>
    <subfield code="c">20 cm.</subfield>
  </datafield>
  <datafield tag="504" ind1=" " ind2=" ">
    <subfield code="a">Bibliograf&#xED;a.</subfield>
  </datafield>
  <datafield tag="505" ind1="8" ind2=" ">
    <subfield code="a">Contiene: 1. Condicionamientos geogr&#xE1;ficos, edad antigua / Angel Cabo, Marcelo Vigil -- 2. La &#xE9;poca medieval / Jos&#xE9; Angel Garc&#xED;a de Cort&#xE1;zar -- 3. El antiguo r&#xE9;gimen : los Reyes Cat&#xF3;licos y los Austrias /Antonio Dominguez Ortiz -- 4. El antiguo r&#xE9;gimem : los Borbones / Gonzalo An&#xE9;s -- 5. La burgues&#xED;a revolucionaria (1808-1874) / Miguel Artola -- 6. La burgues&#xED;a conservadora (1874-1931) / Miguel Mart&#xED;nez Cuadrado -- 7. La Rep&#xFA;blica, la era de Franco / Ram&#xF3;n Tamamnes</subfield>
  </datafield>
  <datafield tag="651" ind1=" " ind2="4">
    <subfield code="a">Espa&#xF1;a-</subfield>
    <subfield code="x">Historia.</subfield>
    <subfield code="9">8209</subfield>
  </datafield>
  <datafield tag="700" ind1="1" ind2=" ">
    <subfield code="a">Artola, Miguel,</subfield>
    <subfield code="d">1923-2020</subfield>
    <subfield code="9">23497</subfield>
  </datafield>
  <datafield tag="700" ind1="1" ind2=" ">
    <subfield code="a">Cabo, Angel.</subfield>
    <subfield code="9">33225</subfield>
  </datafield>
  <datafield tag="700" ind1="1" ind2=" ">
    <subfield code="a">Vigil, Marcelo.</subfield>
    <subfield code="9">114630</subfield>
  </datafield>
  <datafield tag="700" ind1="1" ind2=" ">
    <subfield code="a">Garc&#xED;a de Cort&#xE1;zar y Ruiz de Aguirre, Jos&#xE9; &#xC1;ngel.</subfield>
    <subfield code="9">54415</subfield>
  </datafield>
  <datafield tag="700" ind1="1" ind2=" ">
    <subfield code="a">Dom&#xED;nguez Ortiz, Antonio,</subfield>
    <subfield code="d">1909-2003</subfield>
    <subfield code="9">45233</subfield>
  </datafield>
  <datafield tag="700" ind1="1" ind2=" ">
    <subfield code="a">Anes, Gonzalo, </subfield>
    <subfield code="d">1931-2014</subfield>
    <subfield code="9">21689</subfield>
  </datafield>
  <datafield tag="700" ind1="1" ind2=" ">
    <subfield code="a">Mart&#xED;nez Cuadrado, Miguel.</subfield>
    <subfield code="9">77963</subfield>
  </datafield>
  <datafield tag="700" ind1="1" ind2=" ">
    <subfield code="a">Tamames, Ram&#xF3;n,</subfield>
    <subfield code="d">1933-</subfield>
    <subfield code="9">237391</subfield>
  </datafield>
  <datafield tag="852" ind1=" " ind2=" ">
    <subfield code="a">ES-MaACL</subfield>
    <subfield code="j">E-9561-7 </subfield>
    <subfield code="b">R.89603</subfield>
  </datafield>
  <datafield tag="999" ind1=" " ind2=" ">
    <subfield code="c">20031</subfield>
    <subfield code="d">20031</subfield>
  </datafield>
  <datafield tag="952" ind1=" " ind2=" ">
    <subfield code="0">0</subfield>
    <subfield code="1">0</subfield>
    <subfield code="4">0</subfield>
    <subfield code="7">0</subfield>
    <subfield code="a">ATENEOM</subfield>
    <subfield code="b">ATENEOM</subfield>
    <subfield code="c">DEPO2</subfield>
    <subfield code="d">2008-01-17</subfield>
    <subfield code="e">SC</subfield>
    <subfield code="l">0</subfield>
    <subfield code="o">E-9561-7</subfield>
    <subfield code="p">1020527</subfield>
    <subfield code="r">2023-02-23 00:00:00</subfield>
    <subfield code="w">2023-02-23</subfield>
    <subfield code="y">MONOGRAFIA</subfield>
  </datafield>
</record>
